|
|
|
|
| LEADER |
01134nam a2200301 a 4500 |
| 001 |
4746 |
| 003 |
BD-DhAAL |
| 005 |
20150609091805.0 |
| 008 |
150609s1994 ii 000 0 eng |
| 010 |
|
|
|a 93050135
|
| 020 |
|
|
|a 0803991576 (C)
|
| 020 |
|
|
|a 0803991584 (P)
|
| 040 |
|
|
|a DLC
|c DLC
|d NIC
|d BD-DhAAL
|
| 050 |
0 |
0 |
|a HF5549.5.M63
|b W673 1994
|
| 082 |
0 |
0 |
|a 658.3/14/091724
|2 20
|
| 245 |
0 |
0 |
|a Work motivation :
|b models for developing countries /
|c edited by Rabindra N. Kanungo, Manuel Mendonca.
|
| 260 |
|
|
|a New Delhi ;
|a Thousand Oaks, Calif. :
|b Sage,
|c c1994.
|
| 300 |
|
|
|a 290 p. ;
|c 22 cm.
|
| 490 |
1 |
|
|a OBS for social development ;
|v 1
|
| 504 |
|
|
|a Includes bibliographical references.
|
| 541 |
|
|
|e 4746
|
| 650 |
|
0 |
|a Employee motivation
|x Developing countries.
|9 11805
|
| 700 |
1 |
|
|a Kanungo, Rabindra Nath.
|9 11806
|
| 700 |
1 |
|
|a Mendonca, Manuel.
|9 11807
|
| 830 |
|
0 |
|a OBS for social transformation ;
|v 1.
|9 11808
|
| 942 |
|
|
|2 ddc
|c BK
|
| 999 |
|
|
|c 34652
|d 34652
|
| 952 |
|
|
|0 0
|1 0
|2 ddc
|4 0
|6 658_300000000000000_14_091724_WOR
|7 0
|9 54159
|a SCL
|b SCL
|c GEN
|d 2015-06-09
|g 378.00
|l 0
|o 658.314091724 WOR
|p 3020004746
|r 2015-06-09
|t 1
|w 2015-06-09
|y BK
|